| 000 | 00334nam a2200133Ia 4500 | ||
|---|---|---|---|
| 008 | 230917s9999||||xx |||||||||||||| ||und|| | ||
| 040 |
_e96144 _aMAIN |
||
| 041 | _aEnglish | ||
| 082 | _a150 B321A | ||
| 100 | _aBatra, Anjali | ||
| 245 | 0 | _aAbousability as a temperamental trait: Construct validation | |
| 300 | _a191 p. | ||
| 942 | _cTH | ||
| 999 |
_c87947 _d87947 |
||